00273nam a2200109 a 4500008004100000050001500041100002100056245002300077260003900100300001500139350000900154120416s1962 ||||||||||||||||| || u aDA 110 Sam aSampson, Anthony10aAnatomy of Britain aLondonbHodder and Stoughtonc1962 axiv, 662p. a0.00